| 000 | 00395nam a2200145Ia 4500 | ||
|---|---|---|---|
| 008 | 230917s9999||||xx |||||||||||||| ||und|| | ||
| 040 |
_e139815 _aMAIN |
||
| 041 | _aEnglish | ||
| 082 | _a791.43028092 A65A | ||
| 100 | _aAgnihotri, Ram Awatar | ||
| 245 | 0 | _aArtists and their films on modern Hindi cinema | |
| 260 |
_aNew Delhi _bCommonwealth Publishers _c1992 |
||
| 300 | _a688 p. | ||
| 942 | _cBK | ||
| 999 |
_c76836 _d76836 |
||